Datum a čas kvízu
34.5
Celkem bodů
Celkový počet nahraných bodů na tomto kvízu bez doplňovacích otázek.
3.
Pořadí na kvízu
Konečné umístění týmu na tomto kvízu.
Zaznamenané odpovědi
| # | Otázka | Odpověď | Body | Výsledky |
|---|---|---|---|---|
| 1. | Motorkáři z Ruska dorazili v p... | 1 | ||
| 2. | Polská policie musela ve střed... | 1 | ||
| 3. | V úterý začal již 71. ročník n... | 1 | ||
| 4. | Obchodní řetězec Penny začal p... | 0 | ||
| 5. | Jak se jmenuje tým, který vyřa... | 1 | ||
| 6. | Také se Vám někdy stane, že v... | 0 | ||
| 7. | Napište slovo s českým slovním... | 1 | ||
| 8. | V zimě často slyšíme, že silni... | 0 | ||
| 9. | Ve filmu Tajemství hradu v Kar... | 1 | ||
| 10. | Kdo hledí pouze na prospěch, t... | 1 |